प्राचीन भारत में विज्ञानं/ (Record no. 201889)

MARC details
000 -LEADER
fixed length control field 00862nam a22002057a 4500
005 - DATE AND TIME OF LATEST TRANSACTION
control field 20240403122009.0
010 ## - LCCN (DPL NO)
LC control number HIN-127252
020 ## - INTERNATIONAL STANDARD BOOK NUMBER
International Standard Book Number 9789392573101
Terms of availability 400.00
035 ## - SYSTEM CONTROL NUMBER
System control number HN-99598
037 ## - SOURCE OF ACQUISITION
Source of stock number/acquisition DBAD/PUB.
082 ## - DEWEY DECIMAL CLASSIFICATION NUMBER
Classification number 500
100 ## - MAIN ENTRY--PERSONAL NAME
Personal name ओझा,डी.सी
245 ## - TITLE STATEMENT
Title प्राचीन भारत में विज्ञानं/
Statement of responsibility, etc डी.सी ओझा और रवीन्द्र कुमार
250 ## - EDITION STATEMENT
Edition statement 1
260 ## - PUBLICATION, DISTRIBUTION, ETC. (IMPRINT)
Place of publication, distribution, etc दिल्ली
Name of publisher, distributor, etc सत्साहित्य प्रकाशन
Date of publication, distribution, etc 2022
270 ## - ADDRESS
Address 694 पहली मंजिल चावडी बाज़ार
City दिल्ली
Postal code 110006
300 ## - PHYSICAL DESCRIPTION
Extent 199 पृ;
Dimensions 23 सेमी (सजिल्द)
700 ## - ADDED ENTRY--PERSONAL NAME
9 (RLIN) 63915
Personal name रवीन्द्र कुमार
942 ## - ADDED ENTRY ELEMENTS (KOHA)
Institution code [OBSOLETE] dpl
Item type Hindi Books
Source of classification or shelving scheme Dewey Decimal Classification
Classification part 500
Call number suffix ओझाडी
Holdings
Withdrawn status Lost status Not for loan Collection code Home library Current library Date acquired Source of acquisition Cost, normal purchase price Full call number Barcode Copy number Cost, replacement price Koha item type
      Non-fiction Bawana Bawana 02/04/2024 DBAD 400.00 500 ओझाडी HN-99598 1 400.00 Hindi Books

© Delhi Public Library
Hit Counter
free hit counter